000 00523nam a22002057a 4500
003 OSt
005 20140310181942.0
008 130724t xxu||||| |||| 00| 0 eng d
020 _a0140430482
050 _a PR 4559
_b.D548 1970
082 _aCLA D55d
_b1970
100 _aDickens, Charles
_93381
245 _aDombey and son /
_cCharles Dickens
260 _aLondon :
_bPenguin Books,
_cc1985.
300 _a992 p.
_c18 cm.
541 _j1
562 _e1
650 _aFiction
_9746
942 _2lcc
_cBBK
_kCLA
999 _c7702
_d7702